00556nam a2200217 a 4500001001300000003000900013005001700022008004100039020001000080082001800090100002100108245002300129260003600152300000900188500003500197505001000232650001800242650003500260650002200295700002100317nice12345678IN_TiNIC20260116013511.0050524s1995 dela grp 000 0 eng  ac29500a954.0357bNAI aNair, C Sankaran aGandhi and Anarchy aDelhibMittal Publicationc1995 a265p aincludes index and biblioraphy2 aIndex aIndia-History aNon Cooperation Movement-India aPhilosophy-Gandhi1 aNair, C Sankaran